The physical review : A selection of seminal papers and commentaries
Wedi'i Gadw mewn:
| Fformat: | Llyfr |
|---|---|
| Iaith: | Undetermined |
| Cyhoeddwyd: |
New York
AIP Press
1995
|
| Pynciau: | |
| Tagiau: |
Ychwanegu Tag
Dim Tagiau, Byddwch y cyntaf i dagio'r cofnod hwn!
|
| Thư viện lưu trữ: | Trung tâm Học liệu Trường Đại học Cần Thơ |
|---|
| LEADER | 00520nam a2200181Ia 4500 | ||
|---|---|---|---|
| 001 | CTU_148841 | ||
| 008 | 210402s9999 xx 000 0 und d | ||
| 082 | |a 530 | ||
| 082 | |b P578 | ||
| 245 | 4 | |a The physical review : | |
| 245 | 2 | |b A selection of seminal papers and commentaries | |
| 245 | 0 | |c H. Henry Stroke edited by | |
| 260 | |a New York | ||
| 260 | |b AIP Press | ||
| 260 | |c 1995 | ||
| 650 | |a Vật lý,Physics,Physical review | ||
| 904 | |i Tuyến | ||
| 980 | |a Trung tâm Học liệu Trường Đại học Cần Thơ | ||